Central Library OPAC University of Rajshahi

Elements of gasdynamics / (Record no. 21209)

MARC details
000 -LEADER
fixed length control field 00712nam a2200241 a 4500
001 - CONTROL NUMBER
control field 21209
003 - CONTROL NUMBER IDENTIFIER
rucl marc code BD-RjUL
005 - DATE AND TIME OF LATEST TRANSACTION
control field 20211209000648.0
008 - FIXED-LENGTH DATA ELEMENTS--GENERAL INFORMATION
fixed length control field 140303s19671957nyu 001 0 eng d
035 ## - SYSTEM CONTROL NUMBER
System control number (BD-RjUL)21273
040 ## - CATALOGING SOURCE
Original cataloging agency ANL
Language of cataloging eng
Transcribing agency ANL
Modifying agency BD-RjUL
041 ## - LANGUAGE CODE
Language code of text/sound track or separate title eng
082 00 - DEWEY DECIMAL CLASSIFICATION NUMBER
Classification number 533.2
Author mark and year LIE 1967
100 1# - MAIN ENTRY--PERSONAL NAME
Personal name Liepmann, Hans Wolfgang.
9 (RLIN) 65563
245 10 - TITLE STATEMENT
Title Elements of gasdynamics /
Statement of responsibility, etc. by H. W. Liepmann and A. Roshko.
260 ## - PUBLICATION, DISTRIBUTION, ETC. (IMPRINT)
Place of publication, distribution, etc. New York :
Name of publisher, distributor, etc. Wiley,
Date of publication, distribution, etc. c1957 [Printing 1967].
300 ## - PHYSICAL DESCRIPTION
Pagination xiv, 439 p. :
Illustrations illus. ;
Size 23 cm.
504 ## - BIBLIOGRAPHY, ETC. NOTE
Bibliography, etc Includes index.
650 #0 - SUBJECT ADDED ENTRY--TOPICAL TERM
Topical term or geographic name as entry element Gas dynamics.
9 (RLIN) 27852
Topical term or geographic name as entry element Aerodynamics.
9 (RLIN) 65564
700 1# - ADDED ENTRY--PERSONAL NAME
Personal name Roshko, Anatol,
Relator term joint author.
942 ## - ADDED ENTRY ELEMENTS (KOHA)
Source of classification or shelving scheme Dewey Decimal Classification
Koha item type Books
Holdings
Lost status Source of classification or shelving scheme Damaged status Not for loan Collection code Permanent Location Current Location Shelving location Date acquired Source of acquisition Total Checkouts Full call number Date last seen Copy number Koha item type Cost, normal purchase price
  Dewey Decimal Classification     Non-fiction Central Library, University of Rajshahi Central Library, University of Rajshahi   04/12/1973 U. S. Govt.   533.2 LIE 1967 03/03/2014 C-3 Books  
  Dewey Decimal Classification   Not For Loan Non-fiction Central Library, University of Rajshahi Central Library, University of Rajshahi Reading Room 04/12/1973 U.S. Govt.   533.2 LIE 1967 07/05/2017 C-1 Books 0.00
  Dewey Decimal Classification     Non-fiction Central Library, University of Rajshahi Central Library, University of Rajshahi   04/12/1973 U.S. Govt.   533.2 LIE 1967 07/05/2017 C-2 Books 0.00
  Dewey Decimal Classification     Non-fiction Central Library, University of Rajshahi Central Library, University of Rajshahi   04/12/1973 U.S. Govt.   533.2 LIE 1967 07/05/2017 C-4 Books 0.00
  Dewey Decimal Classification     Non-fiction Central Library, University of Rajshahi Central Library, University of Rajshahi   04/12/1973 U.S. Govt.   533.2 LIE 1967 07/05/2017 C-5 Books 0.00
  Dewey Decimal Classification     Non-fiction Central Library, University of Rajshahi Central Library, University of Rajshahi   04/12/1973 U.S. Govt.   533.2 LIE 1967 07/05/2017 C-6 Books 0.00
  Dewey Decimal Classification     Non-fiction Central Library, University of Rajshahi Central Library, University of Rajshahi   04/12/1973 U.S. Govt.   533.2 LIE 1967 07/05/2017 C-7 Books 0.00
  Dewey Decimal Classification     Non-fiction Central Library, University of Rajshahi Central Library, University of Rajshahi   06/04/1968 Zeitlinger   533.2 LIE 1967 07/05/2017 C-8 Books 97.00
  Dewey Decimal Classification     Non-fiction Central Library, University of Rajshahi Central Library, University of Rajshahi   04/12/1973 U. S. Govt   533.2 LIE 1967 08/05/2017 C-9 Books 0.00
  Dewey Decimal Classification     Non-fiction Central Library, University of Rajshahi Central Library, University of Rajshahi General Stacks   U. S. Govt   533.2 LIE 1967 06/03/2024 c-10 Books